| 000 | 01147cam a2200337 i 4500 | ||
|---|---|---|---|
| 001 | 40101 | ||
| 003 | Mx-PuUPA | ||
| 005 | 20250403124345.0 | ||
| 008 | 140415s1965 mx a gr 000 f spa d | ||
| 040 |
_cMx-PuUPA _aMx-PuUPA _bspa _dMx-PuUPA _erda |
||
| 041 | 1 |
_aspa _heng |
|
| 100 | 1 |
_aLytton, Edward Bulwer Lytton, _cBaron, _d1803-1873 _916877 _eautor |
|
| 240 | 1 | 4 |
_a[The Last Days of Pompeii] _lEspañol |
| 245 | 1 | 0 |
_aLos últimos días de pompeya / _cE. Bulwer Lytton |
| 250 | _aEdición Mexicana | ||
| 260 |
_a _b _c |
||
| 264 | 1 |
_aMéxico, D.F. : _bLito Ediciones Olimpia, _c1973 _c©1965 |
|
| 300 |
_a287 páginas : _bilustraciones ; _c18 cm |
||
| 336 |
_2rdacontent _atexto _btxt |
||
| 337 |
_2rdamedia _asin medio _bn |
||
| 338 |
_2rdacarrier _avolumen _bnc |
||
| 650 | 7 |
_2armarc _aLiteratura inglesa _x |
|
| 651 | 4 |
_aPompeya (ciudad extinta) _vNovela juvenil |
|
| 655 | 7 | _aNovela inglesa | |
| 740 | _ax | ||
| 765 |
_aLytton, Edward Bulwer Lytton _t[The last days of Pompeii] |
||
| 942 |
_2ddc _cLI _h823 _iB3318 |
||
| 999 |
_c40101 _d40101 |
||